<?xml version="1.0" encoding="UTF-8"?><?xml-stylesheet type="text/xsl" href="static/style.xsl"?><OAI-PMH xmlns="http://www.openarchives.org/OAI/2.0/" xmlns:xsi="http://www.w3.org/2001/XMLSchema-instance" xsi:schemaLocation="http://www.openarchives.org/OAI/2.0/ http://www.openarchives.org/OAI/2.0/OAI-PMH.xsd"><responseDate>2026-04-17T05:49:52Z</responseDate><request verb="GetRecord" identifier="oai:www.recercat.cat:2445/228733" metadataPrefix="marc">https://recercat.cat/oai/request</request><GetRecord><record><header><identifier>oai:recercat.cat:2445/228733</identifier><datestamp>2026-04-09T19:10:49Z</datestamp><setSpec>com_2072_1057</setSpec><setSpec>col_2072_478933</setSpec></header><metadata><record xmlns="http://www.loc.gov/MARC21/slim" xmlns:dcterms="http://purl.org/dc/terms/" xmlns:xsi="http://www.w3.org/2001/XMLSchema-instance" xmlns:doc="http://www.lyncode.com/xoai" xsi:schemaLocation="http://www.loc.gov/MARC21/slim http://www.loc.gov/standards/marcxml/schema/MARC21slim.xsd">
   <leader>00925njm 22002777a 4500</leader>
   <datafield ind2=" " ind1=" " tag="042">
      <subfield code="a">dc</subfield>
   </datafield>
   <datafield ind2=" " ind1=" " tag="720">
      <subfield code="a">Aquino Samper, Araceli de</subfield>
      <subfield code="e">author</subfield>
   </datafield>
   <datafield ind2=" " ind1=" " tag="720">
      <subfield code="a">Santamaría, Nazaret.</subfield>
      <subfield code="e">author</subfield>
   </datafield>
   <datafield ind2=" " ind1=" " tag="720">
      <subfield code="a">Moro, Artur J.</subfield>
      <subfield code="e">author</subfield>
   </datafield>
   <datafield ind2=" " ind1=" " tag="720">
      <subfield code="a">Aguilà Aviles, David</subfield>
      <subfield code="e">author</subfield>
   </datafield>
   <datafield ind2=" " ind1=" " tag="720">
      <subfield code="a">Nicasio, M. Carmen</subfield>
      <subfield code="e">author</subfield>
   </datafield>
   <datafield ind2=" " ind1=" " tag="720">
      <subfield code="a">Lima, João Carlos</subfield>
      <subfield code="e">author</subfield>
   </datafield>
   <datafield ind2=" " ind1=" " tag="720">
      <subfield code="a">Rodríguez Raurell, Laura</subfield>
      <subfield code="e">author</subfield>
   </datafield>
   <datafield ind2=" " ind1=" " tag="720">
      <subfield code="a">Prieto, Auxiliadora</subfield>
      <subfield code="e">author</subfield>
   </datafield>
   <datafield ind2=" " ind1=" " tag="260">
      <subfield code="c">2026-04-08T15:10:55Z</subfield>
   </datafield>
   <datafield ind2=" " ind1=" " tag="260">
      <subfield code="c">2026-04-08T15:10:55Z</subfield>
   </datafield>
   <datafield ind2=" " ind1=" " tag="260">
      <subfield code="c">2025-02-11</subfield>
   </datafield>
   <datafield ind2=" " ind1=" " tag="260">
      <subfield code="c">2026-04-08T15:10:55Z</subfield>
   </datafield>
   <datafield ind2=" " ind1=" " tag="520">
      <subfield code="a">Two families of mononuclear gold(I) complexes featuring Au-chromophore units, with chromophores being carbazole (a), phenanthrene (b), or dibenzofuran (c), were synthesized. The Au(I) atoms are coordinated to two phosphanes, either $PMe_{2}Ar^{Xyl2}(Ar^{Xyl2} = 2,6-C_{6}H{_3}-(2,6-C_{6}H{3}-Me_{2})_{2})$ (P1) or the bulkier $PCyp_{2}Ar^{Xyl2}(Cyp = cyclopentyl)$ (P2). The photophysical properties of these complexes were extensively studied, with a particular focus on the effects of phosphane bulkiness and chromophore electron-donating capacity on triplet state quantum yields ($\Phi_{T}$). Nanosecond-laser flash photolysis measurements were employed to calculate $\Phi_{T}$. Time-dependent density functional theory (TD-DFT) calculations supported the absorption and emission assignments, providing insights into the electronic state gaps involved in photophysical processes and their relative populations. The parent complex AuCl (P2) in combination with ${NaBAr_{4}}^F$, as a chloride scavenger, served as an efficient catalyst for the hydroamination of a variety of alkynes and amines, under mild conditions and with low Au loading (0.1–0.2 mol %). Luminescent studies allowed us to check the active catalytic species.</subfield>
   </datafield>
   <datafield ind1="8" ind2=" " tag="024">
      <subfield code="a">https://hdl.handle.net/2445/228733</subfield>
   </datafield>
   <datafield ind2="0" ind1="0" tag="245">
      <subfield code="a">Gold(I) Complexes with Bulky Phosphanes: A Dual Approach to Triplet Harvesting and Hydroamination Catalysis</subfield>
   </datafield>
</record></metadata></record></GetRecord></OAI-PMH>